000 00458nam a2200217 454500
001 078635
003 BD-ChCU
008 Eng
020 _ax
040 _aDLC
_cDLC
_dBD-ChCU
082 0 0 _a182/LUO
100 1 _aLucretius
_bx
245 1 0 _aOf the nature of things
_bx
250 _ax
260 _aN.Y.,
_bDutton
_c1950
300 _axvi, 300p
504 _aIncludes
650 0 _aPhilosophy
_bPhilosophy
700 1 _ax
942 _2ddc
_cBK
999 _c78635
_d78635